Search for value: cost-benefit analysis in target costing

Ozrejmenie možnosti aplikácie netradičných prístupov hodnotovo orientovaného manažérskeho účtovníctva. Praktické aspekty aplikácie analýz efektívnosti nákladov (cost-benefit analysis) a ich použitie v podmienkach riadenia na základe výnimiek (management by exceptions).

Na minha lista:
Detalhes bibliográficos
Autor principal: Tumpach, Miloš, 1970-
Formato: Capítulo de Livro
Idioma:inglês
Assuntos:
Tags: Adicionar Tag
Sem tags, seja o primeiro a adicionar uma tag!

MARC

LEADER 00000naa$a2200000$$$4500
001 0004351
005 20240502071348.1
041 0 |a eng 
044 |a SK 
245 1 0 |a Search for value: cost-benefit analysis in target costing  |c aut. Miloš Tumpach 
520 |a Ozrejmenie možnosti aplikácie netradičných prístupov hodnotovo orientovaného manažérskeho účtovníctva. Praktické aspekty aplikácie analýz efektívnosti nákladov (cost-benefit analysis) a ich použitie v podmienkach riadenia na základe výnimiek (management by exceptions). 
610 2 0 |a účtovníctvo manažérske 
610 2 0 |a efektívnosť 
610 2 0 |a náklady 
610 2 0 |a modely matematické 
100 1 |a Tumpach, Miloš, 1970-